| Tag |
First Indicator |
Second Indicator |
Subfields |
| LEADER |
00000pam a2200000 a 4500 |
| 001 |
in00000089950 |
| 005 |
20151008063602.0 |
| 008 |
810722s1982 njua b 00110 eng |
| 010 |
|
|
|a 81012056
|
| 020 |
|
|
|a 0139391738
|
| 035 |
|
|
|a (OCoLC)07672297
|
| 035 |
|
|
|9 AAK2533AM
|
| 039 |
0 |
|
|a 2
|b 3
|c 3
|d 3
|e 3
|
| 040 |
|
|
|a DLC
|c DLC
|d TXA
|d UtOrBLW
|
| 049 |
|
|
|a TXAM
|c [933003]
|
| 050 |
0 |
0 |
|a HF5549
|b .K32
|
| 082 |
0 |
|
|a 658.3/124
|2 19
|
| 100 |
1 |
|
|a Kaye, Beverly,
|d 1943-
|
| 245 |
1 |
0 |
|a Up is not the only way :
|b a guide for career development practitioners /
|c Beverly L. Kaye.
|
| 264 |
|
1 |
|a Englewood Cliffs, N.J. :
|b Prentice-Hall,
|c [1982]
|
| 264 |
|
4 |
|c ©1982
|
| 300 |
|
|
|a xiii, 272 pages :
|b illustrations ;
|c 24 cm.
|
| 336 |
|
|
|a text
|b txt
|2 rdacontent
|
| 337 |
|
|
|a unmediated
|b n
|2 rdamedia
|
| 338 |
|
|
|a volume
|b nc
|2 rdacarrier
|
| 504 |
|
|
|a Includes bibliographical references and index.
|
| 650 |
|
0 |
|a Personnel management.
|
| 650 |
|
0 |
|a Vocational guidance.
|
| 999 |
|
|
|a MARS
|
| 999 |
f |
f |
|s 77f63536-1650-37ad-89eb-0c18a01585f6
|i 8c528864-85cd-33d5-bdf5-f26697f7b0a5
|t 0
|
| 952 |
f |
f |
|p ric
|a Texas A&M University
|b Rellis Campus
|c Joint Library Facility
|d Remote Storage
|t 0
|e HF5549 .K32
|h Library of Congress classification
|i unmediated -- volume
|m A14806135428
|
| 998 |
f |
f |
|a HF5549 .K32
|t 0
|l Remote Storage
|